000 00695cam a2200205 4500
001 WB3617-26
008 000000n2000 000 0 eng u
035 _a(Sirsi) u105758
245 _aHouse to be put in order
260 _c2000
490 _aEstates Gazette
_v(0017) 29 April 2000, 155(1)
520 _aDiscusses the content of a draft bill on commonhold and reform of the residential lease system which will be published for comment this Summer. Includes a definition of commonhold.
590 _aWB
650 _aCOMMONHOLD
650 _aDRAFT BILL
650 _aLEASEHOLD SYSTEM
650 _aRESIDENTIAL LEASES
690 _aLANDLORD AND TENANT-LEASEHOLD REFORM
942 _n0
999 _c63336
_d63336